WM-Kader Deutschland 2014 - Sudden Death - Statistiken

Allgemein
  • Dieses Quiz wurde 351 mal gespielt
  • Das Durchschnittsergebnis liegt bei 13 aus 21
Answers on the Grid
Answers color-coded by a green-red scale on the quiz's grid according to % correct below.
J. Boateng
Hummels
Wirtz
Frings
Bellarabi
Neuer
Rudy
Ter Stegen
Baumjohann
Passlack
Weidenfeller
Klose
Metzelder
Lahm
L. Bender
S. Bender
Reus
Ginter
Zieler
Steiger
Durm
Liebig
Mustafi
Reinhartz
Kimmich
Höwedes
Mertesacker
Ballack
Draxler
Heinz
Schürle
Dorsch
Scholl
Götze
Riedling
Kroos
Goretzka
Khedira
Kramer
Esswein
Volland
Baumgartner
Özil
Gärtner
Podolski
Schweinsteiger
Gerber
Lambertz
Woltemade
Leitner
 
Antwortstatistiken
Antwort % Korrekt
Hummels
94%
J. Boateng
93%
Neuer
93%
Klose
70%
Lahm
68%
Kroos
62%
Götze
61%
Weidenfeller
61%
Schürle
60%
Özil
59%
Schweinsteiger
59%
Podolski
58%
Höwedes
57%
Mertesacker
57%
Ginter
56%
Khedira
56%
Kramer
53%
Zieler
52%
Draxler
50%
Durm
50%
Mustafi
50%
Keine übereinstimmenden Quizze gefunden
Verteilung der Resultate
Anzahl Personen mit jedem Resultat
Perzentil nach korrekt beantworteten Fragen
Ihre Resultats-Entwicklung
Sie haben dieses Quiz noch nicht gespielt